Spot the Difference XXII Quiz Stats

 Plays Quiz Updated Dec 22, 2017

Challenge
Share
Tweet
Score 0/5 Timer 03:00
8 Plays Today
% Correct
Difference #4
85.3%
Difference #3
81.6%
Difference #1
79.5%
Difference #5
68.3%
Difference #2
47.7%

You're not logged in!

Compare scores with friends on all Sporcle quizzes.
Join for Free
OR
Log In

You Might Also Like...

Show Comments

Extras

Top Quizzes Today


Score Distribution

Your Account Isn't Verified!

In order to create a playlist on Sporcle, you need to verify the email address you used during registration. Go to your Sporcle Settings to finish the process.

Report this User

Report this user for behavior that violates our Community Guidelines.

Details: